000 01294nam a2200349 a 4500
001 000113537
003 CHAP
005 20220329144400.0
008 170801s2017 mx a fsm |||||||spa d
010 _a109998
011 _a110970
040 _cCHAP
090 _aTesis
100 1 _aAragón Magadán, Mayra
_9132917
245 1 0 _aProyecto de inversión de turismo de naturaleza en el municipio de Calakmul, Campeche, México /
_h[En línea]
_cpor Mayra Aragón Magadán.
260 _aChapingo, Méx. :
_bEl autor,
_c2017.
500 _aPara ver el contenido del material haga clic en la liga
502 _aTesis (Ing. Forestal) -- UACH. División de Ciencias Forestales
590 _aBATCH
_b00
_c20181121
_lUCH01
_h0758
590 _aE11695DGD
_b10
_c20170802
_lUCH01
_h0854
590 _aE8697GMM
_b05
_c20170801
_lUCH01
_h1153
590 _aE8697GMM
_b05
_c20170801
_lUCH01
_h1355
650 1 4 _aDesarrollo de la comunidad
_zCampeche.
_931978
650 1 4 _aRecursos naturales
_xAdministración
_zCampeche.
_9132919
650 1 4 _aSociedades cooperativas
_zCampeche.
_9132920
650 1 4 _aTurismo sustentable
_zCampeche.
_9132918
856 _a1
_n0000439
856 _aFinding aid
_uhttp://10.13.5.2/tesis/sist113537.pdf
_zTeclea aquí
901 _aBK
942 _cTESIS
942 _n0
999 _c109998
_d109998